[Event "Manresa op"]
[Site "Manresa"]
[Date "2004.08.24"]
[Round "5"]
[White "Corredor Tatje, Ignasi"]
[Black "Fernandez Madrid, Carlos"]
[Result "0-1"]
[WhiteElo "1850"]
[BlackElo "2178"]
[PlyCount "52"]
[EventDate "2004.08.21"]
[EventType "swiss"]
[EventRounds "9"]
[EventCountry "ESP"]
[SourceTitle "CBM 102 Extra"]
[Source "ChessBase"]
[SourceDate "2004.11.03"]
[SourceVersion "1"]
[SourceVersionDate "2004.11.03"]
[SourceQuality "1"]

1. e4 g6 2. d4 Bg7 3. Nc3 d6 4. f4 c6 5. Nf3 Nf6 6. Be3 0-0 7. h3 b5 8. a3 Bb7 9. Bd3 a5 10. b4 axb4 11. axb4 Rxa1 12. Qxa1 c5 13. Qa7 cxd4 14. Nxd4 Qd7 15. Bxb5 Qc8 16. Nd5 Bxd5 17. exd5 Qc3+ 18. Bd2 Qg3+ 19. Kf1 Ne4 20. Be1 Qe3 21. c3 Nxc3 22. Bf2 Qc1+ 23. Be1 Qxf4+ 24. Bf2 Qc1+ 25. Be1 Nxb5 26. Nxb5 Qc4+ 0-1